1005 1468 1022 1152 1869 1522 1680 1135 1886 1384 1696 1418 1838 1055 1589 1996 1557 1622 1454 1929 1825 1933 1244 1753 1769 1639 1047 1514 1085 1757 1848 1267 1214 1985 1665 1993 1363 1994 1993 1737 1884 1225 1433 1817 1310 1192 1325 1563 1350 1209 1460 1504 1126 1430 1245 1881 1543 1060 1846 1495 1451 1314 1148 1316 1424 1513 1726 1707 1515 1972 1303 1890 1958 1823 1828 1960 1006 1055 1150 1653 1897 1458 1183 1475 1302 1459 1298 1451 1298 1059 1592 1405 1293 1753 1832 1019 1572 1351 1643 BCNSPRNW ULIB Ver.6.0+V

เปลี่ยนเป็นภาษาไทย

Change to English
 แสดงรายละเอียดบรรณานุกรม
  กลับหน้าหลัก

Brief Record : Get Marc (ISO 2709) : E-mail record : QR code < ปิดหน้าต่าง
LEADER : 00000nam 2200000uu 4500
001    13399110827
003     ULIB
008    110609s2009||||th 000 0 eng d
020    0763755818
024    9780763755818
060  4 WY18^bA874g 2009
100 1  Atkins, Robert
245 00 Getting The Most From Nursing School^c by Robert Atkins
260    Sudbury,MA:^b Jones and Bartlett,^c2009
300    256 p
650  7 Education^xNursing
650  7 Students^xNursing
945    ^p980^l0^i030137
995    Kesorn
999 ^a ใช้งานได้ทุกระบบ
รายการนี้ยังไม่มีแท็ก
คุณยังไม่ได้ล็อกอิน คุณสามารถมีกิจกรรมร่วมกับเว็บไซต์ได้ แต่ต้องล็อกอินก่อน ::
  ล็อกอิน

รายการสื่อสารสนเทศ

ลำดับที่ ประเภท เลขเรียก/บาร์โค้ด สถานที่ สถานะ
- ไม่พบข้อมูล -

รายการใกล้เคียง
    หัวเรื่อง [Education Nursing]

BibComment


ยังไม่เคยถูกคอมเมนท์

คอมเมนท์ทรัพยากรรายการนี้
  คอมเมนท์: Getting The Most ..


 Copyright 2026. Bcnsprnw @Library